[Event "FIN-chT1A 0607"]
[Site "Finland"]
[Date "2006.09.??"]
[Round "2.3"]
[White "Saren, Ilkka J"]
[Black "Morant, Paul"]
[Result "1/2-1/2"]
[WhiteElo "2230"]
[BlackElo "2194"]
[PlyCount "27"]
[EventDate "2006.09.16"]
[EventType "team-tourn"]
[EventRounds "7"]
[EventCountry "FIN"]
[SourceTitle "EXT 2022"]
[Source "ChessBase"]
[SourceDate "2021.10.06"]
[SourceVersion "1"]
[SourceVersionDate "2021.10.06"]
[SourceQuality "1"]
[WhiteTeam "Helsinki SSK"]
[BlackTeam "Turku TS II"]
[WhiteTeamCountry "FIN"]
[BlackTeamCountry "FIN"]

1. e4 c5 2. Nf3 d6 3. d4 cxd4 4. Nxd4 Nf6 5. Nc3 a6 6. Bg5 Nbd7 7. Be2 e6 8. Qd2 Be7 9. 0-0-0 Nc5 10. f3 Bd7 11. Nb3 Nxb3+ 12. axb3 Rc8 13. Bf4 Rc6 14. Kb1 1/2-1/2